Top 200 Girls Names, 1940s - Statistics

General Stats
  • This quiz has been taken 528 times
  • The average score is 109 of 200
Answer Stats
Hint Answer % Correct
48 Marie
98%
1 Mary
98%
37 Ann
96%
25 Elizabeth
94%
60 Jo
94%
71 Anna
91%
77 Katherine
91%
134 Sara
91%
50 Jane
90%
36 Jean
90%
13 Margaret
90%
24 Joan
88%
86 Maria
87%
10 Susan
85%
5 Carol
84%
87 Laura
84%
160 Pat
84%
55 Rose
84%
124 Emma
83%
32 Helen
83%
41 Alice
82%
178 Emily
82%
113 Julia
81%
144 Julie
81%
83 Anne
80%
11 Betty
79%
163 Ella
79%
139 Grace
79%
177 Rachel
79%
130 Victoria
79%
195 Caroline
78%
64 Ellen
78%
34 Ruth
78%
20 Dorothy
77%
75 Joann
77%
2 Linda
77%
4 Patricia
77%
66 Rebecca
77%
3 Barbara
76%
120 Eleanor
76%
59 Charlotte
75%
35 Frances
75%
21 Janet
75%
80 Louise
75%
179 Lucy
75%
76 Sarah
75%
51 Christine
74%
79 Annie
72%
61 Evelyn
72%
45 Catherine
71%
68 Deborah
71%
16 Karen
71%
7 Nancy
71%
127 Edith
70%
150 Eva
70%
30 Martha
70%
52 Diana
69%
100 Dianne
69%
119 Josephine
69%
168 Lillie
69%
154 Rosa
69%
116 June
68%
22 Diane
67%
102 Irene
67%
9 Judith
66%
18 Kathleen
66%
6 Sandra
66%
187 Angela
65%
133 Florence
65%
137 Clara
64%
44 Doris
64%
126 Lillian
64%
8 Sharon
64%
17 Donna
62%
183 Harriet
62%
15 Judy
62%
149 Esther
60%
145 Marion
60%
78 Paula
60%
101 Ruby
60%
197 Veronica
60%
27 Gloria
59%
23 Janice
59%
165 Joy
59%
39 Pamela
59%
65 Sally
59%
106 Jeanne
58%
104 Maureen
58%
58 Rita
58%
118 Edna
57%
89 Eileen
57%
88 Kathy
57%
188 Vera
57%
138 Audrey
56%
26 Brenda
56%
151 Andrea
54%
54 Joanne
54%
19 Joyce
54%
128 Pauline
54%
91 Rosemary
54%
199 Rosie
54%
123 Vivian
54%
166 Beatrice
53%
63 Jacqueline
53%
192 Jill
53%
176 Valerie
53%
46 Elaine
52%
131 Ethel
52%
125 Georgia
52%
14 Shirley
52%
191 Stephanie
52%
70 Suzanne
52%
84 Theresa
52%
47 Cynthia
51%
143 Gladys
51%
49 Lois
51%
162 Marian
50%
96 Marjorie
50%
198 Patty
50%
33 Bonnie
49%
108 Lynn
49%
29 Marilyn
49%
157 Bertha
48%
94 Mildred
48%
69 Norma
48%
56 Wanda
48%
43 Cheryl
47%
50 Connie
47%
132 Lucille
47%
200 Stella
47%
28 Virginia
47%
171 Ida
46%
189 Jessie
46%
140 Teresa
46%
82 Sylvia
45%
12 Carolyn
44%
170 Leslie
44%
167 Cathy
43%
107 Constance
43%
181 Penny
42%
85 Sheila
42%
99 Anita
41%
141 Annette
41%
62 Geraldine
41%
155 Hazel
40%
74 Patsy
40%
81 Roberta
40%
121 Yvonne
40%
95 Lorraine
39%
42 Peggy
39%
117 Jeanette
38%
90 Marcia
38%
38 Phyllis
38%
31 Beverly
37%
73 Darlene
37%
92 Glenda
37%
109 Marlene
37%
129 Wilma
37%
53 Gail
36%
182 Jackie
36%
186 Alma
35%
153 Bernice
35%
98 Kay
35%
110 Arlene
34%
93 Dolores
34%
185 Rosalie
34%
115 Charlene
33%
194 Minnie
33%
72 Sue
33%
190 Marianne
31%
147 Priscilla
31%
142 Claudia
30%
156 Billie
29%
146 Gwendolyn
29%
172 Lynne
29%
97 Sherry
28%
136 Thelma
28%
67 Kathryn
26%
161 Maxine
26%
174 Faye
25%
105 Loretta
25%
184 Regina
25%
103 Juanita
24%
114 Marsha
24%
159 Bobbie
22%
164 Paulette
22%
180 Janie
21%
173 Deanna
20%
175 Terry
20%
152 Maryann
17%
57 Carole
15%
111 Delores
15%
135 Margie
14%
158 Gayle
13%
148 Willie
13%
122 Vicki
12%
112 Lynda
10%
169 Janis
7%
193 Mattie
6%
196 Michele
4%
No matching quizzes found
Score Distribution
Percent of People with Each Score
Percentile by Number Answered
Your Score History
You have not taken this quiz